[Event "?"]
[Site "?"]
[Date "2012.06.12"]
[Round "?"]
[White "Caruana, Fabiano"]
[Black "Tomashevsky, Evgeny"]
[Result "1-0"]
[WhiteElo "2770"]
[BlackElo "2738"]
[PlyCount "63"]
[EventDate "2012.??.??"]

1. e4 e5 2. Nf3 Nc6 3. Bb5 a6 4. Ba4 Nf6 5. O-O Be7 6. Re1 b5 7. Bb3 O-O 8. a4
b4 9. d3 d6 10. Nbd2 Na5 11. Ba2 c5 12. c3 Rb8 13. d4 Qc7 14. dxe5 dxe5 15. Nc4
Rd8 16. Qe2 b3 17. Nxa5 Qxa5 18. Bb1 c4 19. Qxc4 Rb7 {N} (19... Bc5 20. h3 Qb6
21. Be3 Bxe3 22. Rxe3 Rd1+ 23. Re1 Rxe1+ 24. Nxe1 Be6 25. Qe2 Nd7 26. a5 Qd6
27. Bd3 Nc5 28. Bc4 {... 1/2-1/2, Cheparinov Ivan (BUL) 2696 - Aronian Levon
(ARM) 2757, Sofia (Bulgaria) 2008.05.15}) 20. Qe2 Rbd7 21. h3 Rd6 22. Be3 h6
23. Nd2 Be6 24. Nc4 Qc7 {?} (24... Bxc4 {
&lt;font color=red&gt;+1.35|d24&lt;/font&gt;  $16}) 25. Nxd6 Qxd6 26. a5 Rd7
27. c4 Qb4 28. Bd3 Bc5 29. Red1 Rc7 30. Bxc5 Qxc5 31. Qe1 Kf8 32. Qc3 {Z0} ({
Kg8  Qxb3  Nd7  Qa3  Rb7  b3  Rb4} 32. Bc2 {Kh8  Qc1  Rb8  Qd2  Qc8} Qd6 {Kg8}
33. Rd2 {
Houdini Aquarium (0:00:12)  &lt;font color=red&gt;+3.93|d18&lt;/font&gt;  $18})
1-0

[Event "?"]
[Site "?"]
[Date "2012.06.12"]
[Round "?"]
[White "McShane, Luke J"]
[Black "Nakamura, Hikaru"]
[Result "1/2-1/2"]
[WhiteElo "2706"]
[BlackElo "2775"]
[PlyCount "158"]
[EventDate "2012.??.??"]

1. e4 c5 2. Nf3 e6 3. d4 cxd4 4. Nxd4 Nf6 5. Nc3 d6 6. Be2 a6 7. f4 Qc7 8. O-O
Be7 9. Kh1 O-O 10. a4 Nc6 11. Be3 Bd7 12. Nb3 Na5 {?!} (12... b6 13. Qd2 Rfc8
14. Bg1 h6 15. Rad1 Qb8 16. h3 Qb7 17. Bf3 Qc7 18. a5 bxa5 19. Ra1 Rab8 20. Be2
{&lt;font color=red&gt;+0.12|d21&lt;/font&gt;  $11}) 13. e5 Ne8 14. Nxa5 Qxa5
15. Ne4 Qc7 16. a5 Bc6 17. Bb6 Qb8 {?!} (17... Qd7 18. Qd4 dxe5 19. Qxd7 Bxd7
20. Bc5 Bxc5 21. Nxc5 Bc6 22. fxe5 Rd8 23. Bf3 Bxf3 24. Rxf3 Rd2 25. b3 {
&lt;font color=red&gt;+0.61|d21&lt;/font&gt;  $14}) 18. Qd4 d5 19. Nc5 Qc8 {N}
(19... g6 20. Ra3 Ng7 21. Qf2 f6 22. exf6 Rxf6 23. Rf3 Nf5 24. Bd3 d4 25. Ne4
Ne3 26. Nxf6+ Bxf6 27. Rxe3 dxe3 28. Qxe3 Bxb2 29. Qxe6+ {
... 1-0, Wahlbom Magnus (SWE) 2288 - Friberg Hans (SWE) 2230, Sweden 1976}) 20.
Bf3 g6 21. c4 Ng7 22. cxd5 exd5 23. Rac1 Bd8 24. Rfd1 Ne6 25. Qd2 Bxb6 26. axb6
Qd8 27. Bxd5 Nxc5 28. Rxc5 Qxb6 29. b4 Rad8 30. Qe1 Bxd5 31. Rcxd5 Rxd5 32.
Rxd5 Rc8 33. h3 Qe6 34. Rd4 h5 35. Kh2 Qf5 36. Qh4 Kg7 37. Rd6 {?!} (37. Qf2
Rc1 38. Qd2 Qb1 39. Rd7 Rh1+ 40. Kg3 Qb3+ 41. Kh4 Qe6 42. Kg3 Qb3+ 43. Kh4 {
&lt;font color=red&gt;+0.00|d21&lt;/font&gt;  $11}) 37... Rc4 38. Qf6+ Qxf6 39.
exf6+ Kh6 40. Rb6 Rxf4 41. Rxb7 Rxf6 42. b5 axb5 43. Rxb5 Rf4 44. Kg3 g5 45.
Rb6+ Kg7 46. Kh2 Ra4 47. Kg1 Ra3 48. Kf2 f6 49. Rb7+ Kg6 50. Rb5 Ra2+ 51. Kf1
Rd2 52. Ra5 h4 53. Rb5 f5 54. Rb6+ Kf7 55. Ra6 Rd4 56. Kf2 Re4 57. Rb6 Re6 58.
Rb5 Kf6 59. Ra5 Rd6 60. Ra2 Ke5 61. Re2+ Kf4 62. Ra2 Rd4 63. Rb2 Rd3 64. Ra2 g4
65. Ra4+ Kg5 66. hxg4 fxg4 67. Ra5+ Kf4 68. Ra4+ Kf5 69. Ra5+ Ke4 70. Ra4+ Rd4
71. Rxd4+ {?} (71. Ra2 Rc4 72. Re2+ Kd3 73. Re3+ Kd4 74. Rb3 Ke4 75. Rb2 Kd3
76. Rb3+ Kd4 77. Rb2 Ra4 78. Rb1 Ra2+ {
&lt;font color=red&gt;-0.78|d32&lt;/font&gt;  $17}) 71... Kxd4 72. Ke2 Ke4 73.
Ke1 Kd3 74. Kf1 Kd2 75. Kf2 g3+ 76. Kg1 Ke1 77. Kh1 h3 {?} (77... Ke2 78. Kg1
Ke3 79. Kf1 Kf4 80. Ke1 Kf5 81. Ke2 Kg4 82. Kf1 Kg5 83. Kg1 Kf5 84. Kf1 Kg4 85.
Kg1 {
Houdini Aquarium (0:00:00)  &lt;font color=red&gt;-2.45|d52&lt;/font&gt;  $19})
78. Kg1 h2+ 79. Kh1 Kf2 1/2-1/2

[Event "?"]
[Site "?"]
[Date "2012.06.12"]
[Round "?"]
[White "Kramnik, Vladimir"]
[Black "Aronian, Levon"]
[Result "1/2-1/2"]
[WhiteElo "2801"]
[BlackElo "2825"]
[PlyCount "80"]
[EventDate "2012.??.??"]

1. e4 e5 2. Nf3 Nc6 3. Nc3 Nf6 4. d4 exd4 5. Nxd4 Bb4 6. Nxc6 bxc6 7. Bd3 O-O
8. O-O d5 9. exd5 cxd5 10. h3 Re8 11. Qf3 {N} (11. Bg5 Be7 12. Bxf6 Bxf6 13.
Qh5 g6 14. Qxd5 Qxd5 15. Nxd5 Be5 16. Rfe1 Bb7 17. Nc3 a6 18. Re2 Bd6 19. Rae1
{... 1-0, Zaltz Dov (ISR) 2334 - Linux Dos, Internet 2003.03.15}) 11... c6 12.
Bf4 Bd7 13. a3 Bxc3 14. bxc3 Ne4 15. Rfe1 Qf6 16. Bxe4 dxe4 17. Qe3 Be6 18.
Rad1 Qf5 19. Rd4 f6 20. Rb1 Bd5 21. c4 Bf7 22. Rb7 Rad8 23. Bd6 Rd7 24. Rxd7
Qxd7 25. Bc5 Qb7 26. Rxe4 Rxe4 27. Qxe4 Qb1+ 28. Kh2 Qb8+ 29. g3 Qa8 30. Bd6
Qe8 31. Qxe8+ Bxe8 32. Kg2 Bg6 33. Kf3 Bxc2 34. Ke3 Kf7 35. Kd4 Ke6 36. Kc5 Bd3
37. Bb8 a6 38. h4 h5 39. Kxc6 Bxc4 40. Kc5 Bb5 {Z0} ({Bc7} 40... g5 {
Ba5  Kf5  Bc3  Ke6} 41. Kd4 {Bc6  Kc5} Bb5 {Kd4  Houdini Aquarium (0:00:04) 
&lt;font color=red&gt;+0.00|d19&lt;/font&gt;  $11}) 1/2-1/2

[Event "?"]
[Site "?"]
[Date "2012.06.12"]
[Round "?"]
[White "Morozevich, Alexander"]
[Black "Radjabov, Teimour"]
[Result "1/2-1/2"]
[WhiteElo "2769"]
[BlackElo "2784"]
[PlyCount "73"]
[EventDate "2012.??.??"]

1. e4 e5 2. Nf3 Nc6 3. Bb5 a6 4. Ba4 Nf6 5. O-O Nxe4 6. d4 Be7 {?!} (6... b5 {
&lt;font color=red&gt;+0.21|d17&lt;/font&gt;  $11}) 7. Re1 b5 8. Rxe4 d5 9.
Nxe5 Nxe5 10. Rxe5 bxa4 11. b3 O-O 12. Ba3 {N} (12. Rxe7 Qxe7 13. Ba3 Qg5 14.
Bxf8 Bh3 15. Qf1 Kxf8 16. Nc3 Re8 17. Kh1 Qd2 18. Nxd5 Bxg2+ 19. Qxg2 Re1+ 20.
Rxe1 Qxe1+ 21. Qg1 Qe4+ {
1/2-1/2, Relange Eloi (FRA) 2490 - Benjamin Joel (USA) 2595, Bermuda 1998})
12... Bxa3 13. Nxa3 Qd6 14. Nb1 f6 15. Re3 Bd7 16. Nc3 Rfe8 17. Rxe8+ Rxe8 18.
Qd2 axb3 19. axb3 Qb4 20. h3 Bb5 21. Re1 Rxe1+ 22. Qxe1 Kf7 23. Qe3 c6 24. Nb1
a5 25. Nd2 a4 26. bxa4 Bxa4 27. c3 Qb2 28. Kh2 Bb5 29. Nf3 g5 30. Ng1 Qc2 31.
Qg3 Qe4 32. Nf3 h6 33. Qc7+ Kg6 34. Qd6 Kf7 35. Qc7+ Kg6 36. Qd6 Kf7 37. Qc7+ {
Z0} (37. Qe7+ Qxe7 {Kxe7} 38. Nd2 Ba4 39. Kg3 Bd1 40. f4 Ke6 41. fxg5 fxg5 42.
Kf2 Kf5 43. Nf3 Bxf3 44. Kxf3 {
Houdini Aquarium (0:00:12)  &lt;font color=red&gt;-0.03|d23&lt;/font&gt;  $11})
1/2-1/2

[Event "?"]
[Site "?"]
[Date "2012.06.12"]
[Round "?"]
[White "Carlsen, Magnus"]
[Black "Grischuk, Alexander"]
[Result "1/2-1/2"]
[WhiteElo "2835"]
[BlackElo "2761"]
[PlyCount "80"]
[EventDate "2012.??.??"]

1. e4 e5 2. Nf3 Nc6 3. Bb5 a6 4. Ba4 Nf6 5. O-O Be7 6. d3 b5 7. Bb3 O-O 8. a4
b4 9. Nbd2 Bc5 10. Nc4 d6 11. Bg5 {N} (11. h3 Rb8 12. Be3 Nd7 13. Bg5 Qe8 14.
Ne3 Bxe3 15. Bxe3 Na5 16. Ba2 Nc5 17. Nh4 Kh8 18. f4 exf4 19. Rxf4 b3 {
... 0-1, Hunt Adam (ENG) 2462 - Adams Michael (ENG) 2724, England 2012.02.12})
11... h6 12. Bh4 Bg4 13. Ne3 Bxf3 14. gxf3 {?!} (14. Qxf3 Nd4 15. Qd1 g5 16.
Bg3 Nxb3 17. cxb3 h5 18. h3 h4 19. Bh2 Bxe3 20. fxe3 Qe7 21. Rf5 Nd7 {
Houdini Aquarium (0:00:00)  &lt;font color=red&gt;+0.35|d24&lt;/font&gt;  $14})
14... g5 15. Bg3 Nd4 16. Bc4 Nh5 17. c3 bxc3 18. bxc3 Ne6 19. Rb1 Nhg7 20. Bd5
Rc8 21. Kh1 Kh8 22. Rg1 Qf6 23. Bc4 a5 24. Rb5 h5 {?!} (24... Ra8 25. Ng4 Qg6
26. h4 Rab8 27. hxg5 Rxb5 28. axb5 Qxg5 29. Rg2 h5 30. Rh2 Qg6 31. Bxe6 fxe6
32. d4 {&lt;font color=red&gt;+0.25|d23&lt;/font&gt;  $14}) 25. Rxa5 {?!} (25.
Bxe6 fxe6 26. Bxe5 Qxe5 27. d4 Qf6 28. dxc5 c6 29. Rxa5 Qxc3 30. Ra7 Qxc5 31.
Rd7 Rcd8 32. Rc7 Rc8 {&lt;font color=red&gt;+0.96|d24&lt;/font&gt;  $16}) 25...
h4 26. Ng4 Qe7 27. Qf1 {?!} (27. Rxc5 Nxc5 28. Bxh4 Nxa4 29. Bxg5 Qxg5 30. Qxa4
Nh5 31. d4 Qf4 32. Qd1 Rb8 33. dxe5 dxe5 34. Qe2 Rb2 {
&lt;font color=red&gt;+0.00|d21&lt;/font&gt;  $11}) 27... Ra8 28. Rxc5 {?!} (
28. Rxa8 Rxa8 29. Qc1 hxg3 30. hxg3 Nh5 31. Kg2 Kg7 32. Rh1 Nef4+ 33. gxf4
Nxf4+ 34. Kf1 Rxa4 35. Nh6 Qe8 {
&lt;font color=red&gt;+0.00|d23&lt;/font&gt;  $11}) 28... dxc5 29. Nxe5 Qf6 {?!
} (29... Rxa4 30. Qh3 Kg8 31. Ng4 Rxc4 32. dxc4 f6 33. e5 f5 34. Nf6+ Rxf6 35.
exf6 Qxf6 36. Rc1 f4 37. Bxh4 {
&lt;font color=red&gt;-0.25|d20&lt;/font&gt;  $15}) 30. Qh3 Rxa4 31. Bd5 {?!} (
31. f4 Nxf4 32. Bxf4 Qxf4 33. Nf3 f6 34. Rg4 Ra1+ 35. Kg2 Nh5 36. Nxh4 Qc1 37.
Kf3 gxh4 38. Rxh4 Qh1+ {&lt;font color=red&gt;+0.00|d23&lt;/font&gt;  $11})
31... Ra6 {?!} (31... Ra3 32. f4 Nxf4 33. Bxf4 Qxf4 34. Nf3 Rxc3 35. Nxg5 Kg8
36. Qg2 Rc1 37. h3 Rxg1+ 38. Kxg1 Qc1+ 39. Kh2 {
&lt;font color=red&gt;-1.06|d21&lt;/font&gt;  $17}) 32. Bc4 Rd6 33. f4 Nxf4 34.
Bxf4 Qxf4 35. Nf3 Rg6 36. Rg4 Qc1+ 37. Rg1 Qf4 38. Rg4 Qc1+ 39. Rg1 Qf4 40. Rg4
Qc1+ {Z0} ({Rg1  Qf4  Rg4} 40... Qc1+ 41. Rg1 {
Houdini Aquarium (0:00:11)  &lt;font color=red&gt;+0.00|d27&lt;/font&gt;  $11})
1/2-1/2

[Event "?"]
[Site "?"]
[Date "2012.06.14"]
[Round "?"]
[White "Caruana, Fabiano"]
[Black "McShane, Luke J"]
[Result "1-0"]
[WhiteElo "2770"]
[BlackElo "2706"]
[PlyCount "133"]
[EventDate "2012.??.??"]

{Bg3  d7  Houdini Aquarium (0:00:04)  &lt;font color=red&gt;+17.74|d20&lt;/
font&gt;  $18} 1. d4 Nf6 2. c4 d6 3. Nc3 e5 4. Nf3 e4 5. Nd2 Qe7 6. Nb3 Bf5 7.
Bg5 {N} (7. d5 Nbd7 8. Nd4 g6 9. h3 Nc5 10. b4 Nd3+ 11. exd3 exd3+ 12. Be3 Bh6
13. Qd2 O-O 14. O-O-O Bg7 15. Nxf5 gxf5 16. Bxd3 b5 17. Rhe1 {... 1-0, Sospedra
Sebastian Juan (ESP) 2294 - Martinez Hernandez Javier (ESP) 2019, Mislata
(Spain) 2007.08.23}) 7... Nbd7 8. e3 h6 9. Bh4 g5 10. Bg3 a6 11. Na5 Rb8 12. b4
Bg7 13. Be2 {?!} (13. Rc1 Bg4 14. Qc2 O-O 15. c5 Qe6 16. h3 Bf5 17. Qd1 dxc5
18. bxc5 b6 19. Bc4 Qe8 20. Nc6 Ra8 {
&lt;font color=red&gt;+1.50|d21&lt;/font&gt;  $16}) 13... O-O 14. Rb1 Bg6 15.
h4 g4 16. h5 Bxh5 17. b5 axb5 18. Rxb5 Bg6 19. Nxb7 Rfc8 20. Na5 {?!} (20. Bxg4
Nxg4 21. Qxg4 Qe6 22. Qxe6 fxe6 23. Kd2 e5 24. d5 Bf8 25. Na5 Ra8 26. Nc6 Be8
27. Rh4 Nc5 {&lt;font color=red&gt;+1.26|d22&lt;/font&gt;  $16}) 20... Ra8 21.
Nc6 Qe8 22. a4 Nf8 {?} (22... Ra6 23. Nb4 Ra7 24. Nbd5 Nxd5 25. cxd5 h5 26. Rb1
Qe7 27. Kf1 Bf6 28. Bb5 Nb6 29. Bc6 Rb8 30. Bf4 {
&lt;font color=red&gt;+0.79|d21&lt;/font&gt;  $16}) 23. Nd5 Nxd5 24. cxd5 f5
25. a5 Bf7 26. Qc2 {?!} (26. Bc4 Ng6 27. Rb7 Ne7 28. Nxe7+ Qxe7 29. a6 h5 30.
a7 Bf6 31. Bf4 h4 32. Qb3 Qd8 33. Kf1 Be7 {
&lt;font color=red&gt;+2.10|d22&lt;/font&gt;  $18}) 26... Ng6 27. Bh4 {?!} (27.
Bc4 Ne7 28. Qa2 Bf8 29. Bf4 h5 30. Kf1 Kg7 31. Kg1 Nxc6 32. dxc6 Bxc4 33. Qxc4
Qg6 34. g3 Be7 {&lt;font color=red&gt;+1.78|d22&lt;/font&gt;  $16}) 27... Nxh4
28. Rxh4 h5 29. g3 Bf6 30. Rh1 h4 31. gxh4 Kh8 32. Kd2 Qg8 33. Bc4 g3 34. Rg1 {
?!} (34. fxg3 Qxg3 {&lt;font color=red&gt;+0.73|d22&lt;/font&gt;  $14}) 34...
g2 35. Kc3 Bxh4 36. Qe2 Qg5 37. Rb2 Bh5 {?} (37... Rg8 {
&lt;font color=red&gt;-0.22|d20&lt;/font&gt;  $11}) 38. Rxg2 Bxe2 39. Rxg5 Bxg5
40. Rxe2 Kg7 41. a6 Rh8 42. a7 Rh1 43. Kb2 Bh4 {?!} (43... Rhh8 44. Rc2 f4 45.
exf4 Bf6 46. Kc3 Kg6 47. Re2 Kf5 48. Bb3 Kxf4 49. Bc2 Rhe8 50. Bd1 Kf3 51. Kc4
{&lt;font color=red&gt;+0.87|d27&lt;/font&gt;  $16}) 44. Rc2 {?!} (44. Ba6 Rf1
45. Bb7 Rxa7 46. Nxa7 Rxf2 47. Rc2 Kg6 48. Nb5 f4 49. exf4 Kf5 50. Rxf2 Bxf2
51. Kc2 Kxf4 {&lt;font color=red&gt;+1.77|d29&lt;/font&gt;  $16}) 44... Kf6 {?!
} (44... f4 45. exf4 Rh2 46. Re2 Rxf2 47. Rxf2 Bxf2 48. Kc2 Kf7 49. Kd2 Kf6 50.
Ke2 Bg1 51. Bb5 Kf7 52. Ba6 {&lt;font color=red&gt;+0.56|d27&lt;/font&gt;  $14}
) 45. Ba6 Kg5 46. Bb7 Rxa7 47. Nxa7 Rf1 48. Nc6 {?} (48. Bc8 Rxf2 {
&lt;font color=red&gt;+2.28|d26&lt;/font&gt;  $18}) 48... Rxf2 49. Na5 f4 50.
Nc4 Rxc2+ 51. Kxc2 fxe3 {?!} (51... Kg4 52. exf4 Kf3 53. Nd2+ Kxf4 54. Nb3 Ke3
55. Bc6 Be1 56. Be8 Bb4 57. Bh5 Be1 58. Bf7 Bb4 59. Bg6 {
&lt;font color=red&gt;+0.62|d22&lt;/font&gt;  $14}) 52. Nxe3 Bf2 53. Kd2 Kf4
54. Nc2 Kf3 55. Ba6 Bh4 56. Be2+ Kf2 57. Bh5 Bg5+ 58. Kc3 Bf6 59. Na3 Ke3 60.
Nb5 Bh4 61. Nxc7 Be1+ 62. Kc4 Kd2 63. Nb5 e3 64. Nxd6 e2 65. Nf7 Bf2 66. Bxe2
Kxe2 67. d6 {Z0} () 1-0

[Event "?"]
[Site "?"]
[Date "2012.06.14"]
[Round "?"]
[White "Grischuk, Alexander"]
[Black "Radjabov, Teimour"]
[Result "1/2-1/2"]
[WhiteElo "2761"]
[BlackElo "2784"]
[PlyCount "81"]
[EventDate "2012.??.??"]

1. e4 c5 2. Nf3 Nc6 3. Bb5 e6 4. Bxc6 bxc6 5. b3 d6 6. e5 dxe5 7. Nxe5 Qd5 8.
Nf3 Qe4+ 9. Kf1 Qf5 {N} (9... Nf6 10. d3 Ba6 11. Qe2 Qd5 12. Nc3 Qd8 13. Ne4
Be7 14. Bb2 Qc7 15. Re1 Rd8 16. Nfg5 Nxe4 17. Nxe4 O-O 18. h4 f6 19. Qe3 {
... 1-0, Caruana Fabiano (ITA) 2474 - Vazquez Renier (ESP) 2524, Madrid (Spain)
2006.03.15}) 10. Na3 Nf6 11. d3 Nd5 12. Nc4 Ba6 {?!} (12... Nb6 13. Nce5 {
&lt;font color=red&gt;+0.12|d18&lt;/font&gt;  $11}) 13. Qe2 Bxc4 14. bxc4 Qf6
15. Rb1 Nc3 16. Bb2 Rb8 17. Qe1 Bd6 18. Bxc3 Rxb1 19. Bxf6 Rxe1+ 20. Kxe1 gxf6
21. Ke2 Kd7 22. Rb1 Kc7 23. g4 h6 24. Nd2 h5 25. gxh5 Rxh5 26. Nf3 Rh8 27. a4
a5 28. Rg1 Kd7 29. Nd2 Rxh2 30. Nb3 Rh8 31. Rg7 Ke7 32. Nxa5 Ra8 33. Nb7 Rxa4
34. Nxd6 Kxd6 35. Rxf7 f5 36. Rf8 Ra2 37. Kd2 Ra1 38. Rd8+ Kc7 39. Re8 Kd6 40.
Rd8+ Kc7 41. Re8 {Z0} ({Kd6  Rd8+  Kc7} 41. Rf8 Kd6 42. Rd8+ Kc7 {
Houdini Aquarium (0:00:02)  &lt;font color=red&gt;+0.00|d31&lt;/font&gt;  $11})
1/2-1/2

[Event "?"]
[Site "?"]
[Date "2012.06.14"]
[Round "?"]
[White "Carlsen, Magnus"]
[Black "Aronian, Levon"]
[Result "1/2-1/2"]
[WhiteElo "2835"]
[BlackElo "2825"]
[PlyCount "120"]
[EventDate "2012.??.??"]

1. e4 e5 2. Nf3 Nc6 3. Bb5 Nf6 4. O-O Nxe4 5. d4 Nd6 6. Bxc6 dxc6 7. dxe5 Nf5
8. Qxd8+ Kxd8 9. Nc3 Ke8 10. b3 Be6 11. Bb2 Bb4 12. Ne2 Bd5 13. Ne1 {N} (13.
Nfd4 Nxd4 14. Nxd4 Rd8 15. Nf5 Rg8 16. Rad1 Be4 17. Ne3 Ke7 18. Bd4 c5 19. Bb2
Bd2 20. Bc1 Bxc1 21. Rxc1 g5 22. f3 {1/2-1/2, Nisipeanu Liviu-Dieter (ROM)
2683 - Levin Felix (GER) 2482, Germany 2010.04.10}) 13... h5 14. Nd3 Be7 15.
Nef4 Rh6 16. c4 Be4 17. Rad1 g5 18. Rfe1 Bxd3 19. Nxd3 b5 20. c5 Ng7 21. b4 a5
22. a3 Ne6 23. g3 g4 24. Kg2 Rg6 25. Nf4 Rg5 26. Bc1 Rf5 27. h3 gxh3+ 28. Nxh3
axb4 29. axb4 Ra4 30. Bd2 Ra3 31. f4 h4 32. Re3 Rxe3 33. Bxe3 hxg3 34. Kxg3 Rh5
35. Bf2 f5 36. exf6 Bxf6 37. Kg4 Rxh3 {?} (37... Rd5 38. Re1 Kf7 39. Re4 Rd2
40. Be3 Rg2+ 41. Kf3 Rb2 42. Kg4 Rg2+ 43. Kf3 {
&lt;font color=red&gt;+0.00|d27&lt;/font&gt;  $11}) 38. Kxh3 Nxf4+ 39. Kg4 Nd5
40. Bd4 Kf7 41. Kf5 Ne7+ 42. Ke4 Bxd4 43. Kxd4 Ke6 44. Re1+ Kd7 45. Ke5 Nd5 46.
Re4 Kc8 47. Ke6 Nc3 48. Rh4 Nd5 49. Rd4 Kd8 50. Rg4 Kc8 51. Rh4 Kb7 52. Kd7
Nf6+ 53. Kd8 Nd5 54. Rg4 Kb8 55. Rd4 Kb7 56. Kd7 Nc3 57. Ke6 Kc8 58. Rd3 Nd5
59. Rd4 Nc3 60. Rd3 Nd5 {Z0} ({Rb3  Kd8  Rb1  Nf4+  Ke5} 60... Nd5 {Kd4  Ke8  K
d3  Nf4+  Kc2  Nd5  Kb3  Kd7  Re1  Nf6  Houdini Aquarium (0:00:09)  &lt;font
color=red&gt;+1.38|d28&lt;/font&gt;  $16}) 1/2-1/2

[Event "?"]
[Site "?"]
[Date "2012.06.14"]
[Round "?"]
[White "Morozevich, Alexander"]
[Black "Nakamura, Hikaru"]
[Result "0-1"]
[WhiteElo "2769"]
[BlackElo "2775"]
[PlyCount "94"]
[EventDate "2012.??.??"]

1. d4 d5 2. c4 dxc4 3. e4 Nf6 4. e5 Nd5 5. Bxc4 Nb6 6. Bd3 Nc6 7. Ne2 Bg4 8. f3
Be6 9. Nbc3 Qd7 10. Ne4 Bd5 11. Nc5 Qc8 12. a3 e6 13. Qc2 Bxc5 14. dxc5 {?!} (
14. Qxc5 Qd7 {&lt;font color=red&gt;+0.29|d22&lt;/font&gt;  $14}) 14... Nd7 15.
f4 Bxg2 {?!} (15... Qd8 16. O-O {
&lt;font color=red&gt;-0.42|d26&lt;/font&gt;  $15}) 16. Rg1 Bf3 17. Be3 g6 {N}
(17... Kf8 18. O-O-O Qe8 19. Rdf1 Bh5 20. Nd4 Bg6 21. Nxc6 bxc6 22. Rd1 Kg8 23.
Qg2 Nf8 24. Be4 Rb8 25. Bxc6 Qe7 26. Qg5 Qxg5 27. fxg5 Bh5 28. Rd4 {1-0, Wojtas
zek Radoslaw (POL) 2599 - Mista Aleksander (POL) 2559, Czech Republic 2008.01.
13}) 18. O-O-O Ne7 19. Be4 Bxe4 20. Qxe4 b6 21. Nc3 O-O 22. c6 Nb8 23. f5 Nxf5
24. Bg5 Qe8 25. Qf4 {?} (25. Rd8 Qxd8 26. Bxd8 Rxd8 27. Nb5 a6 28. Nxc7 Ra7 29.
Na8 Nxc6 30. Nxb6 Ncd4 31. Kb1 Rb8 32. Rd1 Rxb6 {
&lt;font color=red&gt;+0.00|d28&lt;/font&gt;  $11}) 25... f6 26. Bxf6 Qxc6 27.
Kb1 Nd7 28. Ne4 Nc5 29. Nxc5 {?} (29. Ng5 h6 30. Qg4 Ne3 31. Qh3 Nf5 32. Nf3
Kf7 33. Rg4 Rg8 34. Nh4 Rae8 35. Rf4 h5 36. Nf3 a5 {
&lt;font color=red&gt;+0.50|d20&lt;/font&gt;  $14}) 29... bxc5 30. h4 {?!} (30.
Rd2 Rab8 {&lt;font color=red&gt;-0.64|d20&lt;/font&gt;  $15}) 30... Rf7 {?} (
30... Rab8 31. Qc4 Ne3 32. Qd3 Rxf6 33. exf6 Nxd1 34. Rxd1 Rf8 35. h5 Rxf6 36.
hxg6 hxg6 37. Qg3 Qe4+ 38. Ka1 {
&lt;font color=red&gt;-1.11|d21&lt;/font&gt;  $17}) 31. h5 Rd7 32. hxg6 h6 33.
Rxd7 Qxd7 34. Qf3 Rb8 35. Rd1 Qe8 36. Rd2 c4 37. Ka2 a5 38. Qd1 {?!} (38. Qc3
Qa4 39. Kb1 c5 40. Qh3 Qb5 41. Ka1 Qe8 42. Ka2 Qb5 43. Ka1 Qe8 {
&lt;font color=red&gt;+0.00|d23&lt;/font&gt;  $11}) 38... c3 39. bxc3 Ne3 40.
Qe2 {?!} (40. Qc1 Qxg6 41. Rd3 Nd5 42. Qd2 Qg4 43. Qc2 Kf7 44. c4 Nxf6 45. exf6
h5 46. Rd2 Qf5 47. Rd3 h4 {&lt;font color=red&gt;-1.04|d21&lt;/font&gt;  $17})
40... Nd5 41. Qd3 a4 42. Rb2 Rxb2+ 43. Kxb2 Qb8+ 44. Kc1 Qb3 45. Qa6 Qxc3+ 46.
Kd1 Ne3+ 47. Ke2 Qc4+ {Z0} (47... Qc4+ {
Nxc4  Be7  h5  Bb4  Nxe5  Ba5  c6  Bb6  Nxg6} 48. Kf3 {Kg7  Ke4  Kf7  Ba5} c5 {
Houdini Aquarium (0:04:00)  &lt;font color=red&gt;-5.15|d25&lt;/font&gt;  $19})
0-1

[Event "?"]
[Site "?"]
[Date "2012.06.14"]
[Round "?"]
[White "Kramnik, Vladimir"]
[Black "Tomashevsky, Evgeny"]
[Result "1-0"]
[WhiteElo "2801"]
[BlackElo "2738"]
[PlyCount "165"]
[EventDate "2012.??.??"]

{Ra7  Qd6+  Houdini Aquarium (0:00:14)  &lt;font color=red&gt;+4.12|d23&lt;/
font&gt;  $18} 1. Nf3 d5 2. d4 Nf6 3. c4 c6 4. Nc3 a6 5. e3 e6 6. Bd3 dxc4 7.
Bxc4 c5 8. O-O b5 9. Be2 Bb7 10. dxc5 Qxd1 11. Rxd1 Bxc5 12. Nd2 O-O {N} (12...
Nbd7 13. Nb3 Bb6 14. a4 b4 15. a5 Ba7 16. Na2 Bd5 17. Nd4 Bc5 18. Bd2 e5 19.
Nf3 b3 20. Nb4 Bb7 21. Rac1) 13. Nb3 Bb4 14. Bd2 Nbd7 15. a3 Nc5 16. Nc1 Bxc3
17. Bxc3 Rfc8 18. Bd4 Bd5 19. f3 Bc4 20. Kf2 Bxe2 21. Kxe2 Nd5 22. Rd2 f6 23.
Bxc5 Rxc5 24. Nd3 Rc7 25. a4 bxa4 26. Rxa4 Kf7 27. Ra5 Raa7 28. Nc5 Nb4 29. Rd6
Rc8 30. f4 Rac7 31. Nxe6 Rc2+ 32. Kf3 Rxb2 33. Nd4 Rc7 34. Rb6 Nd3 35. Rxb2
Nxb2 36. Rxa6 Nc4 37. g4 Nd2+ 38. Ke2 Ne4 39. h4 Rb7 40. g5 Kg6 {?!} (40... g6
41. gxf6 Nxf6 42. Ne6 Rb3 43. Ng5+ Kg7 44. Ra7+ Kg8 45. Ne6 Rb6 46. Ra8+ Kf7 {
&lt;font color=red&gt;+1.14|d23&lt;/font&gt;  $16}) 41. Kf3 Re7 {?} (41... Nc5
42. Rc6 Nd7 43. Kg4 Kf7 44. Nf5 Rb2 45. Rc7 Rd2 46. gxf6 Kxf6 47. e4 h5+ 48.
Kf3 g6 49. Ne3 {&lt;font color=red&gt;+1.73|d28&lt;/font&gt;  $16}) 42. h5+ {?!
} (42. f5+ {&lt;font color=red&gt;+3.86|d26&lt;/font&gt;  $18}) 42... Kxh5 43.
Nf5 Nd2+ 44. Ke2 Rd7 45. gxf6 gxf6 46. Rxf6 Kg4 47. Nh6+ Kg3 48. Rf8 Ne4 49.
Rg8+ Kh3 50. Ng4 Kh4 51. Ne5 Ra7 52. Nf3+ Kh5 53. Kd3 {?!} (53. Ne5 Ra2+ 54.
Kd3 Nf2+ 55. Kc4 Kh4 56. Kd5 Ra5+ 57. Kd4 Ra4+ 58. Nc4 h5 59. Rg1 Rb4 60. Kd5
Ra4 {&lt;font color=red&gt;+1.23|d24&lt;/font&gt;  $16}) 53... Nf2+ 54. Kd4
Ra4+ 55. Kd5 Ra5+ 56. Ke6 Ng4 57. e4 Ra6+ 58. Ke7 Ra7+ 59. Kd6 Ra6+ {?!} (59...
Nf6 60. Rg5+ Kh6 61. Ke5 Nxe4 62. Kxe4 Ra4+ 63. Kd5 Rxf4 64. Rg3 Kh5 65. Ne5
Ra4 66. Rh3+ Kg5 67. Rxh7 {&lt;font color=red&gt;+0.49|d25&lt;/font&gt;  $14})
60. Kc7 h6 61. e5 Nf6 62. Rd8 Kg4 63. Nd4 Ra7+ 64. Kd6 Ne4+ 65. Kd5 Nc3+ 66.
Kc4 Kxf4 67. e6 Rc7+ 68. Kd3 Ke5 {?} (68... Na4 69. Rf8+ Ke5 70. Rf5+ Kd6 71.
Ke3 {&lt;font color=red&gt;+0.21|d21&lt;/font&gt;  $11}) 69. Rd7 Nd5 70. e7
Rc3+ 71. Kd2 Rc8 72. Nc6+ Ke6 73. Rxd5 Rxc6 74. e8=Q+ Kxd5 75. Kd3 Re6 76. Qb5+
Kd6 77. Kd4 Ke7 78. Qf5 Rf6 79. Qh7+ Kf8 80. Ke5 Ra6 81. Qb7 Rg6 82. Qh7 Ra6
83. Qd3 {Z0} () 1-0

[Event "?"]
[Site "?"]
[Date "2012.06.16"]
[Round "?"]
[White "Aronian, Levon"]
[Black "Grischuk, Alexander"]
[Result "1/2-1/2"]
[WhiteElo "2825"]
[BlackElo "2761"]
[PlyCount "56"]
[EventDate "2012.??.??"]

1. d4 Nf6 2. Nf3 e6 3. c4 b6 4. g3 Bb4+ 5. Bd2 Bxd2+ 6. Qxd2 Ba6 7. b3 c6 8.
Nc3 d5 9. e4 Nxe4 10. Nxe4 dxe4 11. Ng5 c5 12. Bg2 Nc6 13. dxc5 Qxd2+ 14. Kxd2
f5 15. Nxe6 {N} (15. cxb6 Ke7 16. bxa7 Rhd8+ 17. Kc1 h6 18. Nh3 Nd4 19. Rd1 e5
20. Kb2 Rxa7 21. Rd2 g5 22. Ng1 Bxc4 23. g4 Bxb3 24. Ne2 Ba4 {... 0-1, Saric
Ante (CRO) 2486 - Riazantsev Alexander (RUS) 2647, Budva (Montenegro) 2009.03.
09}) 15... Kf7 16. Nf4 bxc5 17. f3 Rad8+ 18. Kc3 e3 19. Nd3 Rhe8 20. Nxc5 e2
21. Nxa6 Re3+ 22. Kc2 Red3 23. Rae1 Rd2+ 24. Kc1 Rxa2 25. f4 Rdd2 26. Bxc6
Rac2+ 27. Kb1 Rb2+ 28. Ka1 Ra2+ {Z0} ({Kb1  Rab2+  Ka1} 28... Ra2+ 29. Kb1 {
Houdini Aquarium (0:00:04)  &lt;font color=red&gt;+0.00|d29&lt;/font&gt;  $11})
1/2-1/2